Catalog

Record Details

Catalog Search



Hitlers Deutschland : das Leben unter der NS-Diktatur  Cover Image Book Book

Hitlers Deutschland : das Leben unter der NS-Diktatur / Matthew Hughes & Chris Mann

Hughes, Matthew (Author). Mann, Chris (Author).

Record details

  • ISBN: 3-7043-6052-X
  • Physical Description: 223 S. : zahlr. Ill. ; 29 cm
  • Edition: Dt. Erstausg., Neuaufl.
  • Publisher: Klagenfurt : Kaiser, 2002

Available copies

  • 1 of 1 copy available at Common Catalog SPOK.

Holds

  • 0 current holds with 1 total copy.
Show Only Available Copies
Location Call Number / Copy Notes Barcode Shelving Location Status Due Date
Terezin Initiative Institute 3633 4594303633 Knihovna ITI Available -

LDR 01846nam a2200517 4500
00150263
003CZ-PrJAB
00520221005114944.0
008020510s2002 au 000 0 ger d
020 . ‡a3-7043-6052-X
035 . ‡a(DE-601)346978203
035 . ‡a(OCoLC)76404413
040 . ‡aDLC ‡bger ‡cGBVCP
0410 . ‡ager
1300 . ‡aInside Hitler's Germany
24500. ‡aHitlers Deutschland : ‡bdas Leben unter der NS-Diktatur / ‡cMatthew Hughes & Chris Mann
250 . ‡aDt. Erstausg., Neuaufl.
260 . ‡aKlagenfurt : ‡bKaiser, ‡c2002
300 . ‡a223 S. : ‡bzahlr. Ill. ; ‡c29 cm
7001 . ‡aHughes, Matthew ‡4aut
7001 . ‡aMann, Chris ‡4aut
910 . ‡aABE340 ‡b3633
995 . ‡aska
901 . ‡a50263 ‡bAUTOGEN ‡c50263 ‡tbiblio

Additional Resources